Katsotuimmat YouTuben musiikkivideot - Statistics

Yleistilastot
  • Tätä visaa on pelattu 80 kertaa
  • Keskiarvotulos 11 / 19
Vastaustilastot
Katsomiskerrat Kappale Artisti % Oikein
6,20 Miljardia Shape of You Ed Sheeran
97%
3,73 Miljardia Thinking Out Loud Ed Sheeran
97%
3,67 Miljardia Perfect Ed Sheeran
96%
3,86 Miljardia Waka Waka (This Time for Africa) Shakira
89%
3,96 Miljardia Roar Katy Perry
85%
3,67 Miljardia Dark Horse Katy Perry
81%
3,77 Miljardia Sorry Justin Bieber
70%
3,58 Miljardia Faded Alan Walker
68%
5,05 Miljardia Gangnam Style Psy
68%
3,40 Miljardia Shake it Off Taylor Swift
68%
4 Miljardia Sugar Maroon 5
54%
3,56 Miljardia Girls Like You Maroon 5
54%
6,17 Miljardia See You Again Wiz Khalifa
47%
3,97 Miljardia Counting Stars OneRepublic
46%
3,61 Miljardia Let Her Go Passenger
39%
8,36 Miljardia Despacito Luis Fonsi
31%
3,55 Miljardia Lean On Major Lazer / DJ Snake
20%
3,50 Miljardia Bailando Enrique Iglesias
16%
5,15 Miljardia Uptown Funk Mark Ronson
16%
Ehtoja vastaavia visoja ei löytynyt
Tulosjakauma
Jokaisen tuloksen saaneiden osuus
Persentiili vastausten määrän mukaan
Tuloshistoriasi
Et ole pelannut tätä visaa